| 000 | 01188cam a22001934a 4500 | ||
|---|---|---|---|
| 005 | 20250605164342.0 | ||
| 008 | 250528s ||||||||||||||||||||||||d | ||
| 035 | _a23641 | ||
| 040 |
_aGR-AtMCL _bgre _dGR-AtMCL _eAACR2 |
||
| 245 | 1 | _aΗ Επίδραση του ISM στη Σύγχρονη Ναυτιλία/Ο Διεθνής Κώδικας Ασφαλούς Διαχείρισης των Πλοίων και πώς αυτός Επηρεάζει τις Ανθρώπινες Ζωές και το Περιβάλλον Σήμερα | |
| 260 | _c2012 | ||
| 300 | _a43 | ||
| 520 | _aΕυχαριστίες, Εισαγωγή, Διεθνής Κώδικας Ασφαλούς Διαχείρισης, Πλεονεκτήματα και Μειονεκτήματα της Εφαρμογής του ISM, Η Επίδραση του ISM στη Σύγχρονη Ναυτιλία, Συμπεράσματα - Επίλογος, Λίστα Πινάκων και Φωτογραφιών, Παραρτήματα, Βιβλιογραφία. | ||
| 700 | 1 |
_aΙωσηφέλλης Ανδρέας _99236 |
|
| 700 | 1 | _aΣερεμέλης Αλέξανδρος | |
| 942 | _cDS | ||
| 999 |
_c8638 _d8638 |
||